Complte Spanish grammar

Saved in:
Bibliographic Details
Main Author: NISSENBERG, Gilda
Format: Book
Language:English
Published: McGraw Hill 2020
Tags: Add Tag
No Tags, Be the first to tag this record!

MARC

LEADER 00000nam a22000007a 4500
008 231124b |||||||| |||| 00| 0 eng d
020 |a 978-1-260-46315-6 
100 |a NISSENBERG, Gilda 
245 |a Complte Spanish grammar  |c / Gilda Nissenberg  |g xiii, 400p. 
250 |b 4th ed. 
260 |b McGraw Hill  |c 2020  |h New York  |i 699887  |i 699888  |l PC4112.N63  |m Spanish language - Grammar  |m Spanish language 
942 |a lcc  |c BK  |e A.R.Akinniyi  |f 24:11:23 
952 |0 0  |1 0  |2 lcc  |4 0  |6 PC4112 N63  |7 0  |9 4637  |a HOL  |b HOL  |c LP  |d 2023-11-24  |l 0  |o PC4112.N63  |p 2023-0555  |r 2023-11-24 00:00:00  |t 699887  |w 2023-11-24  |y BK 
952 |0 0  |1 0  |2 lcc  |4 0  |6 PC4112 N63  |7 0  |9 4638  |a HOL  |b ART  |c LP  |d 2023-11-24  |l 0  |o PC4112.N63  |p 2023-0556  |r 2023-11-24 00:00:00  |t 699888  |w 2023-11-24  |y BK 
999 |c 2326  |d 2326